| 000 | 00791cam a22002533a 4500 | ||
|---|---|---|---|
| 001 | 3309 | ||
| 003 | PGUSA | ||
| 005 | 20140828083030.0 | ||
| 008 | 020701s2002||||xxu|||||s|||||000 | eng d | ||
| 040 |
_aPGUSA _beng |
||
| 042 | _adc | ||
| 050 | 4 | _aGN | |
| 100 | 1 |
_aNadaillac, Jean-François-Albert du Pouget, marquis de, _d1818-1904 |
|
| 245 | 1 | 0 |
_aManners and Monuments of Prehistoric Peoples _h[electronic resource] / _cJean-François-Albert du Pouget, marquis de Nadaillac |
| 260 |
_bProject Gutenberg, _c2002 |
||
| 506 | _aPublic domain in the USA. | ||
| 516 | _aElectronic text | ||
| 653 | _aArchaeology | ||
| 653 | _aPrehistoric peoples | ||
| 700 | 1 |
_aD'Anvers, N., _d-1933 |
|
| 830 | 0 |
_aProject Gutenberg _v3309 |
|
| 856 | 4 | 0 | _uhttp://www.gutenberg.org/ebooks/3309 |
| 942 | _cEB | ||
| 999 |
_c232638 _d232638 |
||